ගින්න /
Ginna
Saved in:
| Main Author: | |
|---|---|
| Format: | Book |
| Published: |
කොළඹ :
රත්න පොත් ප්රකාශකයා්,
1998.
|
| Tags: |
Add Tag
No Tags, Be the first to tag this record!
|
MARC
| LEADER | 00000nam a2200000 4500 | ||
|---|---|---|---|
| 003 | LK-CoNLD | ||
| 005 | 20260406151740.0 | ||
| 008 | 260406b |||||||| |||| 00| 0 ||| d | ||
| 015 | |2 slnb | ||
| 017 | |a 277018 |b LK-CoDNA | ||
| 020 | |a 9555691908 | ||
| 040 | |a LK-CoNLD |b SIN |c LK-CoNLD |d LK-CoNLD | ||
| 082 | |2 23 |q LK-CoNLD | ||
| 100 | |a කොස්තා , ජයතිස්ස ද |9 74864 | ||
| 245 | |6 880-1 |a ගින්න / |c ජයතිස්ස ද කොස්තා | ||
| 260 | |a කොළඹ : |b රත්න පොත් ප්රකාශකයා්, |c 1998. | ||
| 300 | |a පි. 48 ; |c සෙමි. 20. |b මැබැ-බෝක : රු.40.00 | ||
| 880 | |6 245-1 |a Ginna | ||
| 942 | |c BOOK | ||
| 945 | |a 22031 |b Isuru WEERASEKARA |c 22031 |d Isuru WEERASEKARA | ||
| 999 | |c 298655 |d 298655 | ||